000 00723nam a22002297a 4500
003 DO-SdBNP
005 20171130101610.0
008 161031b 1992 sp 00| 0 spa d
020 _a8488370016
040 _aBPMSU
_bspa
_cBPMSU
082 _axxxx
_bxxxx
100 1 _aRodríguez Marchante, Oti,
_d1958-
245 1 0 _aDos para la tres /
_cOti Rodríguez Marchante ; prólogo Guillermo Cabrera Infante.
260 _aMadrid :
_bNickel Odeón,
_c1992.
300 _a109 p. :
_c23 cm.
490 1 _aNickel Odeón
_v1
700 1 2 _aCabrera Infante, Guillermo,
_epról.
830 0 _aNickel Odeón
_n1
942 _2ddc
_cBK
945 _aInventariado extranjero / 2017 YL
956 _aYngrid Lockward
_b10
_c20171113
_d0144
999 _c12865
_d12865